| 000 | 01016cam a22003137a 4500 | ||
|---|---|---|---|
| 003 | CHAP | ||
| 005 | 20220329141346.0 | ||
| 008 | 971013s1985 r 00010 d | ||
| 010 | _a66985 | ||
| 011 | _a67957 | ||
| 035 | _a77429 | ||
| 040 | _cCHAP | ||
| 090 | _aFolleto 12181 | ||
| 100 | 0 | 0 |
_aAbrin, Virginia. _9327 |
| 245 | 0 | _aTeoría de las gráficas | |
| 260 |
_aMéxico : _bUNAM. Facultad de Ciencias, _c1985 |
||
| 300 | _a41 p. | ||
| 490 | 0 |
_aVínculos matemáticos. Notas de clase _v; 1 |
|
| 590 |
_aBATCH-UPD _b10 _c20130110 _lUCH01 _h0445 |
||
| 590 |
_aBATCH-UPD _b10 _c20130410 _lUCH01 _h0122 |
||
| 590 |
_aBATCH-UPD _b10 _c20130913 _lUCH01 _h1844 |
||
| 590 |
_aCONVERSION _b10 _c20130109 _lUCH01 _h1337 |
||
| 650 | 1 | 4 |
_aGráficas _xTeoría de las. _950766 |
| 710 | 0 |
_aUniversidad Nacional Autónoma de México. Facultad de Ciencias. _9116521 |
|
| 830 | 0 |
_aVínculos matemáticos. Notas de clase _v; 1 _9120620 |
|
| 901 | _aBK | ||
| 942 | _cFOLL | ||
| 949 |
_aFolleto 12181 _bBC _cFOLL _d-30298 _eTS1 _i77429 _si |
||
| 999 |
_c66985 _d66985 |
||